000 00500cam a2200193ua 4500
001 5844
005 20260515113937.0
008 131024n ii |||gr||||Z||||||eng
040 _cMAIN
082 _a954
245 1 1 _aHistory of Modern India :
_bVolume I /
_cBy V.D. Mahajan .
250 _a1st ed.
260 _aNew Delhi:
_bS. Chand & Company Ltd.,
_c1983.
300 _aviii,647p.
653 _aHistory
653 _aHistory of Modern India
700 1 _aMahajan,V.D.,
_eAuthor.
942 _cBK
999 _c4993
_d4993